Statistics for World Cities A-Z #1

Click here to take the quiz!

General Stats

  • This quiz has been taken 29,851 times
  • The average score is 16 of 26

Answer Stats

HintCity% Correct
ECapital of ScotlandEdinburgh
91%
NCity struck by an A-bombNagasaki
88%
SHas a famous opera houseSydney
86%
ZBiggest city in SwitzerlandZürich
86%
FTuscanyFlorence
82%
IStraddles Europe and AsiaIstanbul
80%
QCapital of EcuadorQuito
75%
BThe Paris of South AmericaBuenos Aires
75%
AAncient libraryAlexandria
74%
POne of South Africa's capitalsPretoria
69%
HFormerly called SaigonHo Chi Minh City
69%
RHas the largest port in EuropeRotterdam
63%
UIts name is Mongolian for "Red Hero"Ulaanbaatar
63%
JDome of the Rock locationJerusalem
61%
DJames JoyceDublin
58%
OUkrainian city on the Black SeaOdessa
56%
GPolish city once called DanzigGdansk
55%
T2006 Winter Olympics hostTurin
55%
VRussian port on the PacificVladivostok
54%
LEgyptian city with spectacular
ancient monuments
Luxor
53%
XOne of the four capitals of
ancient China
Xi'an
45%
WHome to the Jets of the NHLWinnipeg
44%
YMajor city on Tokyo BayYokohama
42%
MPablo EscobarMedellín
38%
CHosts an annual StampedeCalgary
35%
KAfghanistan's second biggest cityKandahar
28%

Score Distribution

Percentile by Number Answered

Percent of People with Each Score

Your Score History

You have not taken this quiz